Frankreich-Quiz - Sudden Death - Statistiken

Allgemein
  • Dieses Quiz wurde 203 mal gespielt
  • Das Durchschnittsergebnis liegt bei 5 aus 10
Answers on the Grid
Answers color-coded by a green-red scale on the quiz's grid according to % correct below.
Dies ist die Flagge Frankreichs: 🇫🇷
Frankreichs Hauptstadt ist Paris
Frankreich ist Mitglied der Europäischen Union
Frankreich ist nicht in der NATO
In Frankreich leben weniger Menschen als in Italien und Bulgarien gemeinsam
Frankreich hat bereits viermal den ESC gewonnen
Frankreich grenzt an ein Land mit dieser Flagge: 🇦🇩
Frankreich liegt zum Teil in den Alpen
Die Fläche von Frankreich ist größer als die von Spanien
Frankreich grenzt an die Niederlande
Frankreich wird von der Donau durchflossen
Frankreichs BIP pro Kopf ist höher als das von Deutschland
Die Kathedrale Notre Dame befindet sich in der Hauptstadt Frankreichs
Frankreich hat bisher zweimal die EM gewonnen
Frankreich hat bisher zweimal die WM gewonnen
Das französische KFZ-Kennzeichen wird mit "FR" abgekürzt
Die Währung Frankreichs ist nicht der Euro
Frankreich ist in 19 Regionen unterteilt
"France" ist die Bezeichnung für Frankreich in der Landessprache
Andalusien ist eine Region, die in Südfrankreich liegt
 
Antwortstatistiken
Antwort % Korrekt
Dies ist die Flagge Frankreichs: 🇫🇷
69%
Frankreichs Hauptstadt ist Paris
68%
Frankreich ist Mitglied der Europäischen Union
64%
Die Kathedrale Notre Dame befindet sich in der Hauptstadt Frankreichs
59%
Frankreich liegt zum Teil in den Alpen
59%
Die Fläche von Frankreich ist größer als die von Spanien
58%
"France" ist die Bezeichnung für Frankreich in der Landessprache
53%
Frankreich grenzt an ein Land mit dieser Flagge: 🇦🇩
47%
Frankreich hat bisher zweimal die WM gewonnen
43%
Frankreich hat bisher zweimal die EM gewonnen
28%
Keine übereinstimmenden Quizze gefunden
Verteilung der Resultate
Anzahl Personen mit jedem Resultat
Perzentil nach korrekt beantworteten Fragen
Ihre Resultats-Entwicklung
Sie haben dieses Quiz noch nicht gespielt